000 00197 a2200097 4500
020 _a8482800000
041 _aspa
100 _aGabriel Garcia Marquez
245 _aCien aǫs de soledad
942 _cK
999 _c26166
_d26166